The English local government system /

Uloženo v:
Podrobná bibliografie
Hlavní autor: Warren, J. H. (John Herbert)
Médium: Kniha
Jazyk:English
Vydáno: London : G. Allen & Unwin, [1965].
Vydání:[8th ed., rev. and reset].
Edice:New town and county hall series.
Témata:
LEADER 00918nam a2200241 i 4500
001 c000248054
003 CARM
005 00000000000000.0
008 840311s1965 enk 0 eng d
019 1 |a 27281654  |5 LACONCORD2021 
035 |a (OCoLC)5700455  |5 LACONCORD2021 
082 0 4 |a 352.000942 
100 1 |a Warren, J. H.  |q (John Herbert) 
245 1 4 |a The English local government system /  |c Revised by Peter G. Richards. 
250 |a [8th ed., rev. and reset]. 
260 |a London :  |b G. Allen & Unwin,  |c [1965]. 
300 |a 192 p. 
490 1 |a The New town and county hall series 
650 0 |a Local government  |z Great Britain. 
830 0 |a New town and county hall series. 
852 8 |b CARM  |h A1:AP19E0  |i C09225  |p 0362961  |f BK 
999 f f |i c36727e6-f795-5f83-be7a-a5494c6e97f0  |s 1a6b3bad-77bf-510e-ab3e-dbdfdfff9113 
952 f f |p Can circulate  |a CAVAL  |b CAVAL  |c CAVAL  |d CARM 1 Store  |e C09225  |f A1:AP19E0  |h Other scheme  |i book  |m 0362961